Prvýkrát v psychiatrickej ambulancii

Bibliographic Details
Main Authors: Gajdošová, Eva (Author), Komoráš, Milan (Author)
Format: Article
Language:Slovak
PhysicalDescription:Fotografie, tabuľky
ISSN:1335-9444
Subjects:

MARC

LEADER 00000nab a2200000 4500
001 vtls012154203
003 SK-MaSNL
005 20260304171229.0
008 221115|2021 xo |||| ||an ||00 0|slo
015 |a SNBRB2022/11 
040 |a SPKCL  |b slo  |e rda 
041 |a slo  |b slo 
044 |a xo  |c SK 
072 7 |a 616.89  |x Psychiatria  |2 konspekt 
080 |a 616.89  |2 2011 
100 1 |a Gajdošová, Eva  |4 aut  |9 324899 
245 1 0 |a Prvýkrát v psychiatrickej ambulancii  |c Eva Gajdošová, Milan Komoráš 
300 |b Fotografie, tabuľky 
336 |a text  |b txt  |2 rdacontent 
337 |a bez média  |b n  |2 rdamedia 
338 |a zväzok  |b nc  |2 rdacarrier 
504 |a Obsahuje bibliografiu 
546 |a Slovenské resumé 
650 0 7 |a psychiatria  |2 SNKPH  |9 2571 
650 0 7 |a ambulantná starostlivosť  |2 SNKPH  |9 16081 
650 0 7 |a výskum  |2 SNKPH  |9 4238 
700 1 |a Komoráš, Milan  |4 aut  |9 1499509 
773 0 |t Sestra  |g Roč. XX, č. 7-8 (2021)  |x 1335-9444 
773 0 8 |t Odborná príloha 182 Ošetrovateľská starostlivosť v psychiatrii  |g Roč. XX (2021), s. 17-19 
958 |a NB 
999 |c 2992239  |d 2994169